000 00426nam a2200169Ia 4500
008 180921t2017 xxu||||| |||| 00| 1 sin d
041 _asin
080 _aX8C31
_bWIC
100 _aWickramarathna, Dilhani
245 _aනිල් නයනී
246 _aNil Nayani
260 _bShakya Publications
_aYakkala
_c2017
300 _a184p., 21cm
942 _cBK
999 _c8112
_d8112
003 LK-CoDNM
040 _aLK-CoDNM
_dLK-CoDNM
_eLK-CoDNM